Megatrends and Media: Reality and Media Bubbles Conference Proceedings from the International Scientific Conference, 24th – 25th April 2018, Smolenice, Slovakia (Congress Hall of the Slovak Academy of Science)

Guardado en:
Detalles Bibliográficos
Autores Corporativos: Megatrends and Media: Reality and Media Bubbles. International Scientific Conference, Univerzita sv. Cyrila a Metoda v Trnave. Fakulta masmediálnej komunikácie
Otros Autores: Solík, Martin, Rybanský, Rudolf
Formato: Libro
Lenguaje:inglés
Publicado: Trnava Faculty of Mass Media Communication, University of SS. Cyril and Methodius in Trnava 2018
Edición:1st Edition
Materias:
Etiquetas: Agregar Etiqueta
Sin Etiquetas, Sea el primero en etiquetar este registro!

MARC

LEADER 00000nlm a2200000 4500
001 0249742
005 20240826115849.7
020 |a 978-80-8105-952-0 
022 |a 2453-6474 
041 0 |a eng 
044 |a SK 
245 1 0 |a Megatrends and Media: Reality and Media Bubbles  |b Conference Proceedings from the International Scientific Conference, 24th – 25th April 2018, Smolenice, Slovakia (Congress Hall of the Slovak Academy of Science)  |c Editors: Martin Solík, Rudolf Rybanský 
250 |a 1st Edition 
264 1 |a Trnava  |b Faculty of Mass Media Communication, University of SS. Cyril and Methodius in Trnava  |c 2018 
300 |a online 588 s. 
610 2 0 |a médiá 
610 2 0 |a komunikácia masmediálna 
610 2 0 |a zodpovednosť spoločenská 
610 2 0 |a vývoj 
610 2 0 |a produkcia 
610 2 0 |a spotreba 
610 2 0 |a porovnanie medzinárodné 
700 1 |a Solík, Martin 
700 1 |a Rybanský, Rudolf 
110 2 |a Megatrends and Media: Reality and Media Bubbles. International Scientific Conference 
710 2 |a Univerzita sv. Cyrila a Metoda v Trnave. Fakulta masmediálnej komunikácie